ARRUPE JESUIT UNIVERSITY

CORONAVIRUS -STOP THE SPREAD - CLEAN,DISINFECT,COVER

Les Tarahumaras / (Record no. 125175)

MARC details
000 -LEADER
fixed length control field 00690mam a2200265 a 4500
001 - CONTROL NUMBER
control field 1143987
003 - CONTROL NUMBER IDENTIFIER
control field ARRUPE
005 - DATE AND TIME OF LATEST TRANSACTION
control field 20160831095412.0
008 - FIXED-LENGTH DATA ELEMENTS--GENERAL INFORMATION
fixed length control field 871027s1971 fr 000 0 fre
010 ## - LIBRARY OF CONGRESS CONTROL NUMBER
LC control number 75515939
020 ## - INTERNATIONAL STANDARD BOOK NUMBER
International Standard Book Number 2070324028
035 ## - SYSTEM CONTROL NUMBER
System control number (OCoLC)ocm16902388
035 ## - SYSTEM CONTROL NUMBER
System control number (NNC)1143987
040 ## - CATALOGING SOURCE
Original cataloging agency DLC
Transcribing agency VXW
Modifying agency NNC
050 0# - LIBRARY OF CONGRESS CALL NUMBER
Classification number PQ2601.R677T3
300 ## - PHYSICAL DESCRIPTION
Dimensions 18 cm.
100 1# - MAIN ENTRY--PERSONAL NAME
Personal name Artaud, Antonin,
Dates associated with a name 1896-1948.
9 (RLIN) 23417
245 14 - TITLE STATEMENT
Title Les Tarahumaras /
Statement of responsibility, etc Antonin Artaud.
260 ## - PUBLICATION, DISTRIBUTION, ETC. (IMPRINT)
Place of publication, distribution, etc [Paris] :
Name of publisher, distributor, etc Gallimard,
Date of publication, distribution, etc c1971.
300 ## - PHYSICAL DESCRIPTION
Extent 184 p. ;
490 1# - SERIES STATEMENT
Series statement Idees
650 #0 - SUBJECT ADDED ENTRY--TOPICAL TERM
Topical term or geographic name as entry element Tarahumara Indians.
9 (RLIN) 25574
650 #0 - SUBJECT ADDED ENTRY--TOPICAL TERM
Topical term or geographic name as entry element Peyotism.
9 (RLIN) 25575
942 ## - ADDED ENTRY ELEMENTS (KOHA)
Source of classification or shelving scheme Library of Congress Classification
Koha item type Monograph ( Printed materials)
Holdings
Withdrawn status Lost status Source of classification or shelving scheme Damaged status Not for loan Collection code Home library Current library Shelving location Date acquired Total Checkouts Full call number Barcode Date last seen Price effective from Koha item type
    Library of Congress Classification     Main Collection ARRUPE LIBRARY ARRUPE LIBRARY Main Collection 31/08/2016   PQ2601.R677T3 46500009568 27/03/2019 31/08/2016 Monograph ( Printed materials)

 

Arrupe Library. PO Box MP320 Mt Pleasant, Harare, Zimbabwe
263 242 745411|librarian@aju.ac.zw